Novel First Lines A-Z II Quiz Stats

 Plays Quiz Updated Aug 7, 2014

Support Sporcle.
Go Orange.
Score 0/25 Timer 07:00
1 Play Today
Opening Words Book Title % Correct
Mr. Jones, of the Manor Farm, had locked the hen-houses for the night.Animal Farm
84.1%
'Christmas won't be Christmas without any presents,' grumbled Jo.Little Women
73.5%
These two very old people are the father and mother of Mr. Bucket.Charlie and the Chocolate Factory
72.4%
In a hole in the ground there lived a [Book Title].Hobbit (The)
67%
James Bond said: ‘I’ve always thought that if I ever married...'Quantum of Solace
50.1%
Samuel Spade's jaw was long and bony...Maltese Falcon (The)
45.3%
[Book Title] Woodhouse, handsome, clever, and rich, with a comfortable home...Emma
40.3%
Here is Edward Bear, coming downstairs now, bump, bump, bump...Winnie-the-Pooh
37.2%
Of man's first disobedience, and the fruit of that forbidden tree...Paradise Lost
35.6%
Last night I dreamt I went to Manderley again...Rebecca
34%
Good evening, London. It's nine o'clock and this is the Voice of Fate broadcasting.V for Vendetta
33.1%
Whether I shall turn out to be the hero of my own life...David Copperfield
28.2%
On the far-away island of Sala-ma-Sond, [Book Title] was king of the pond.Yertle the Turtle and Other Stories
24.3%
Opening Words Book Title % Correct
A squat gray building of only thirty-four stories.Brave New World
22.3%
I first met Dean not long after my wife and I split up.On the Road
22.2%
In the great green room, there was a telephone and a red balloon...Goodnight Moon
22.2%
I am an [Book Title]. No, I am not a spook like those who haunted Edgar Allan Poe...Invisible Man
19.2%
I first met him in Piraeus. I wanted to take the boat for Crete...Zorba the Greek
17.9%
There was no possibility of taking a walk that day.Jane Eyre
17.8%
'To be born again,' sang Gibreel Farishta tumbling from the heavens...Satanic Verses (The)
15.2%
Squire Trelawney, Dr Livesey, and the rest of these gentlemen having asked me to...Treasure Island
15.1%
I became what I am today at the age of twelve, on a frigid overcast day.Kite Runner (The)
14.9%
When Farmer Oak smiled, the corners of his mouth spread...Far From the Madding Crowd
8.9%
The sky above the port was the color of television, tuned to a dead channel.Neuromancer
5%
Late in the afternoon of a chilly day in February, two gentlemen were sitting alone...Uncle Tom's Cabin
3%

From the Vault

Blitz: Does It Contain 'P'?

by beforever

Please tell us you can pick out the letter P from the crowd.
Remove Ads.
Support Sporcle.
Get the best of Sporcle when you Go Orange. This ad-free experience offers more features, more stats, and more fun while also helping to support Sporcle. Thank you for becoming a member.

Show Comments

Extras

Top Quizzes Today


Score Distribution

Your Account Isn't Verified!

In order to create a playlist on Sporcle, you need to verify the email address you used during registration. Go to your Sporcle Settings to finish the process.

Report this User

Report this user for behavior that violates our Community Guidelines.

Details: